Predicting Bankruptcy of Manufacturing Companies in EU

Predikcia bankrotu 1 000 stredne veľkých maloobchodných podnikov v EÚ, z ktorých v roku 2014 zaniklo 170. V poslednej dobe sa úpadok výrobných podnikov rýchlo zvýšil v dôsledku recesie, čo spôsobuje zodpovedajúce hospodárske a sociálne problémy. Vysoká potreba modelov predikcie bankrotu.

Saved in:
Bibliographic Details
Main Author: Klepáč, Václav
Other Authors: Hampel, David
Format: Book Chapter
Language:English
Subjects:
Tags: Add Tag
No Tags, Be the first to tag this record!

MARC

LEADER 00000naa a2200000 4500
001 0242785
005 20220719115526.6
041 0 |a eng 
044 |a CZ 
245 1 0 |a Predicting Bankruptcy of Manufacturing Companies in EU  |c Václav Klepáč, David Hampel 
520 |a Predikcia bankrotu 1 000 stredne veľkých maloobchodných podnikov v EÚ, z ktorých v roku 2014 zaniklo 170. V poslednej dobe sa úpadok výrobných podnikov rýchlo zvýšil v dôsledku recesie, čo spôsobuje zodpovedajúce hospodárske a sociálne problémy. Vysoká potreba modelov predikcie bankrotu. 
610 2 0 |a prognózy hospodárske 
610 2 0 |a prognózy podnikové 
610 2 0 |a Európska únia 
610 2 0 |a Európsky ekonomický priestor 
610 2 0 |a bankrot 
610 2 0 |a podnik malý 
610 2 0 |a podnik stredný 
100 1 |a Klepáč, Václav 
700 1 |a Hampel, David